The Moment / (Record no. 4996)
[ view plain ]
| 000 -LEADER | |
|---|---|
| fixed length control field | 01003nac a22001931u 4500 |
| 008 - FIXED-LENGTH DATA ELEMENTS--GENERAL INFORMATION | |
| fixed length control field | 100526t xxu||||| |||| 00| 0 eng d |
| 082 ## - DEWEY DECIMAL CLASSIFICATION NUMBER | |
| Classification number | 781.65 |
| Item number | GOR |
| Edition number | 22 |
| 100 ## - MAIN ENTRY--PERSONAL NAME | |
| Personal name | G., Kenny |
| 9 (RLIN) | 14227 |
| Fuller form of name | Gorelick, Kenny |
| 245 ## - TITLE STATEMENT | |
| Title | The Moment / |
| Statement of responsibility, etc | Kenny G. |
| 260 ## - PUBLICATION, DISTRIBUTION, ETC. (IMPRINT) | |
| Place of publication, distribution, etc | New York, N.Y. : |
| Name of publisher, distributor, etc | Arista, 1996 |
| Date of publication, distribution, etc | 1996 |
| 300 ## - PHYSICAL DESCRIPTION | |
| Extent | 1 sound disc : |
| Other physical details | digital ; |
| Dimensions | 4 3/4 in. + |
| Accompanying material | 1 booklet |
| 505 ## - FORMATTED CONTENTS NOTE | |
| Formatted contents note | The moment (6:00) -- Passages (5:58) -- Havana (7:20) -- Always (5:34) -- That somebody was you (with Toni Braxton) (5:01) -- The champion's theme (4:22) -- Eastside jam (5:09) -- Moonlight (5:59) -- Gettin' on the step (4:15) -- Everytime I close my eyes (with Babyface) (4:58) -- Northern lights (5:00) -- Innocence (3:59) -- Havana (Remix) (3:59) |
| 511 ## - PARTICIPANT OR PERFORMER NOTE | |
| Participant or performer note | Jazz music ; performed by Kenny G., with accompaniment |
| 650 ## - SUBJECT ADDED ENTRY--TOPICAL TERM | |
| Topical term or geographic name as entry element | Jazz |
| 9 (RLIN) | 14234 |
| Chronological subdivision | 1991-2000. |
| 650 ## - SUBJECT ADDED ENTRY--TOPICAL TERM | |
| Topical term or geographic name as entry element | Saxophone music (Jazz) |
| 9 (RLIN) | 14266 |
| 700 ## - ADDED ENTRY--PERSONAL NAME | |
| 9 (RLIN) | 14264 |
| Personal name | Braxton, Toni |
| 700 ## - ADDED ENTRY--PERSONAL NAME | |
| 9 (RLIN) | 14265 |
| Personal name | Babyface |
| Titles and other words associated with a name | (Musician) |
| 942 ## - ADDED ENTRY ELEMENTS (KOHA) | |
| Item type | |
| Call number prefix | 781.65 GOR |
| Source of classification or shelving scheme | Dewey Decimal Classification |
| Withdrawn status | Lost status | Source of classification or shelving scheme | Damaged status | Not for loan | Location (home branch) | Sublocation or collection (holding branch) | Shelving location | Date acquired | Koha issues (times borrowed) | Koha full call number | Piece designation (barcode) | Koha date last seen | Koha date last borrowed | Price effective from | Koha item type |
|---|---|---|---|---|---|---|---|---|---|---|---|---|---|---|---|
| Dewey Decimal Classification | Central Library | Central Library | Second Floor | 07/10/2008 | 3 | 781.65 GOR | 000005823 | 24/08/2022 | 19/12/2011 | 08/10/2007 | CD | DVD - Sound (NB) |